000 00381nam a2200145Ia 4500
008 210210b1970 xxu||||| |||| 00| 0 eng d
082 _a539.7 YARA
100 _aYARWOOD (John).
245 _aAtomic physics.
260 _aN D
_bOxford University Press
_c1970
300 _aviii,656
650 _aElectricity Magnetism Atomic Physics
690 _aAtomic Physics
906 _a039524
999 _c89516
_d89516